| 000 | 00675nam a2200181Ia 4500 | ||
|---|---|---|---|
| 008 | 090124s9999 xx 000 0 und d | ||
| 082 | _b100220 | ||
| 100 | _aनेने हरी नारायण | ||
| 245 | _a गीता रहस्य सिद्धांन्त विवेचन | ||
| 250 | _a1 | ||
| 260 | _c1917 | ||
| 300 | _a139 | ||
| 600 | _aनेने हरी नारायण | ||
| 630 | _a गीता रहस्य सिद्धांन्त विवेचन | ||
| 700 | _aनेने हरी नारायण | ||
| 730 | _a गीता रहस्य सिद्धांन्त विवेचन | ||
| 942 | _cBOOK | ||
| 999 |
_c146310 _d146310 |
||